000 00546nam a22001817a 4500
999 _c16538
_d16538
003 OSt
005 20171006100347.0
008 171006b xxu||||| |||| 00| 0 eng d
020 _a9966224386
040 _aKABU
_cKABU
050 _aPE1128
_b.N49 2005 Bk4
245 _aNew integrated English :
_bStudents' book 4 /
_cAgnes Gathumbi ... [et al.]
260 _aNairobi
_bJKF
_c2005
300 _ax, 294 p.
650 _aEnglish language
_vTextbooks
700 _aGathumbi, Agnes
942 _2lcc
_cBK
_hPE1128
_i.N49 2005 Bk4